000 01348nam a22001457a 4500
999 _c524163
_d524163
008 231031b ||||| |||| 00| 0 eng d
100 _aJamir, Limasenla
_946201
245 _aImagining frontier spaces: The frontier tribal areas in imperial defence in the northeast of British India
260 _aIndia Quarterly
300 _a79(1), Mar, 2023: p.11-28
520 _aThis article concerns the northeast frontier of British India during the last years of British rule. It explores how the conundrums of the Second World War led to the reconfiguration of the northeast frontier as a strategic space in the empire’s geopolitics. This reconfiguration was pushed by contestation over the frontier spaces by different powers—threatened by the Japanese during the Second World War and, later, the possible post-war reification of Chinese and Tibetan expansionist policy towards India’s northeast frontier and the impending Indian independence. The colonial state’s strategic interest led the frontier officials to reimagine the northeast frontier, whereby the region and its local populations came to be regarded as integral to the preservation of the colonial state’s dominance. – Reproduced https://journals.sagepub.com/doi/abs/10.1177/09749284221147179
773 _aIndia Quarterly
906 _aTRIBES - INDIA
942 _cAR